| 000 | 01439cam a2200349 i 4500 | ||
|---|---|---|---|
| 003 | SA-RiAUC | ||
| 005 | 20250826064916.0 | ||
| 008 | 250816s1999 su f b f00000 ara c | ||
| 020 | _a9960140598 | ||
| 020 | _a9960140598 | ||
| 040 |
_aSA-RiAUC _bara _cSA-RiAUC _erda |
||
| 043 | _aa-su--- | ||
| 050 | 4 | _b.B35 1999 | |
| 050 | 4 | _b.B35 1999 | |
| 082 | 0 | 4 |
_a347.53109 _qSA-RiAUC |
| 090 |
_a347.53109 _bب ج ا |
||
| 100 | 1 |
_aالبجاد، محمد بن ناصر بن محمد _eمؤلف. |
|
| 245 | 1 | 2 |
_aالتحكيم في المملكة العربية السعودية / _cتأليف محمد بن ناصر بن محمد البجاد. |
| 264 | 1 |
_aالرياض : _bمعهد الإدارة العامة، مركز البحوث والدراسات الإدارية، _c1999 |
|
| 300 |
_a252 صفحة ؛ _c24 سم. |
||
| 336 |
_aنص _btxt _2rdacontent _3كتاب |
||
| 337 |
_aبدون وسيط _bn _2rdamedia |
||
| 338 |
_aمجلد _bnc _2rdacarrier |
||
| 490 | 0 | _aسلسلة كتب معهد الإدارة العامة | |
| 504 | _aببليوجرافية : صفحة 243-247. | ||
| 650 | 7 |
_aالتحكيم (قانون مرافعات) _zالسعودية _2aucsh |
|
| 650 | 7 |
_aالتحكيم _xقوانين وتشريعات _zالسعودية _2aucsh |
|
| 650 | 7 |
_aالتحكيم (فقه إسلامي) _2aucsh |
|
| 942 |
_2ddc _cBOOK _n0 |
||
| 949 |
_aSA-JeALM _d250816 _umohamedma123 _n1 |
||
| 999 |
_c11153 _d11153 |
||